000 00591nam a2200181Ia 4500
003 LK-CoDNM
008 010623t1926 xxu||||| |||| 00| 1 Pali d
040 _aLK-CoDNM
_dLK-CoDNM
_eLK-CoDNM
041 _aPali
_asin
080 _a104 C 1
100 _aDhammananda Thero,
245 _aපපචසූදනී මජ්ජිම නිකායාර්ථ කථා
246 _aThe Papanca Sudani or the Commentary of the Majjima Nikaaya
260 _bVidaya Sagara
_aColombo
_c1926
300 _b461p, 25 260: Aluvihara Edition cm
700 _aed. by Dhammakittisiri
942 _cBK
999 _c93528
_d93528